Chemical engineering design

Guardat en:
Dades bibliogràfiques
Autors principals: Sinnott, Ray (Autor), Towler, Gavin (Autor)
Format: Llibre
Idioma:anglès
Publicat: Oxford Butterworth-Heinemann, 2009
Edició:Fifth edition
Col·lecció:Coulson and Richradson`s Chemical Engineering Series
Matèries:
Etiquetes: Afegir etiqueta
Sense etiquetes, Sigues el primer a etiquetar aquest registre!

MARC

LEADER 00000cam a2200000 a 4500
001 UCC7901
003 CL-VaPUC
005 20211026074148.0
008 190520e20090000ne |||||||||||||||||eng|d
999 |c 374414  |d 374412 
020 |a 9780750685511 
040 |c Pontificia Universidad Católica de Valparaíso 
082 0 4 |a 660.281 SIN 2009  |2 21 
100 0 |a Sinnott, Ray  |e author  |9 602637 
245 1 0 |a Chemical engineering design 
250 |a Fifth edition  
260 |a Oxford   |b Butterworth-Heinemann,   |c 2009 
300 |a 1255 páginas 
490 0 |a Coulson and Richradson`s Chemical Engineering Series 
583 |a last modification  |c 20190520 16:29:00  |k Rodrigo Vera 
650 7 |a INGENIERIA QUIMICA  |2 CL-VaPUC  |9 8 
650 0 |a Optimización  |9 339671 
650 0 |a Diseño y construcción  |9 260862 
700 0 |a Towler, Gavin  |e author  |9 602638 
852 |a BIBCUR 
942 |c BK  |2 ddc 
945 |d 20190520 16:29:00  |a dcastane 
952 |0 0  |1 0  |3 erb  |4 0  |6 660_281000000000000_SIN_2009  |7 0  |8 A  |9 490426  |a BIBING  |b BIBING  |i 5505984  |o 660.281 SIN 2009  |p 5505984  |r 2025-01-20  |w 2019-11-24  |y BK  |z Catalogado en:20181012  |k EIB 
952 |0 0  |1 0  |3 erb  |4 0  |6 660_281000000000000_SIN_2009  |7 0  |8 A  |9 492936  |a BIBING  |b BIBING  |d 2019-05-15  |e 2  |g 74354.00  |i 5549744  |o 660.281 SIN 2009  |p 5549744  |r 2025-01-20  |w 2019-11-24  |y BK  |z Catalogado en:20190520  |k EIB 
952 |0 0  |1 0  |3 erb  |4 0  |6 660_281000000000000_SIN_2009  |7 0  |8 A  |9 492937  |a BIBING  |b BIBING  |d 2019-05-15  |e 2  |g 74354.00  |i 5549736  |o 660.281 SIN 2009  |p 5549736  |r 2025-01-20  |w 2019-11-24  |y BK  |z Catalogado en:20190520  |k EIB 
952 |0 0  |1 0  |3 erb  |4 0  |6 660_281000000000000_SIN_2009  |7 0  |8 A  |9 492938  |a BIBING  |b BIBING  |d 2019-05-15  |e 2  |g 74354.00  |i 5549728  |o 660.281 SIN 2009  |p 5549728  |r 2025-01-20  |w 2019-11-24  |y BK  |z Catalogado en:20190520  |k EIB